000
00267nam a2200085Ia 4500
008
240331s9999 xx 000 0 und d
100
_a
Liyanage,K
245
0
_a
Ilangayin Ulluratchi Mandrangalil Penkalin Arasiyal Prathinithithuvam :
_b
Savaalkalum Ethirppugalum
942
_c
L
999
_c
5807
_d
5807